000 00640nam a22002177a 4500
003 UA-OsUOA
001 105127
007 ta
008 20140211b un ||||| |||| 00| 0 ukr d
100 _aВітка Ю.В.
090 _a330(477)
_bВ55
942 _cSA
040 _aUA-OsUOA
_bukr
_cUA-OsUOA
_dUA-OsUOA
245 _aПравове регулювання споживчого кредиту: стан та перспективи
300 _aС.75-87
955 _a0
041 _aukr
080 _a330(477)
773 0 _w105121
_tФінанси України
_dК.
_d2013
_g10
650 7 _a330 Економіка взагалі
_2UDC
999 _c391273
_d391273